| 000 | 00564nam a22002057a 4500 | ||
|---|---|---|---|
| 003 | OSt | ||
| 005 | 20140310182011.0 | ||
| 008 | 130730t xxu||||| |||| 00| 0 eng d | ||
| 020 | _a086163-604X | ||
| 050 |
_aPZ 7 _b.B661 1992 |
||
| 082 |
_aKF _bB62f 1984 |
||
| 100 |
_aBlyton, Enid _94844 |
||
| 245 |
_aFive have a wonderful time / _c Enid Blyton; |
||
| 260 |
_aLondon : _bAward Pub, _c c1992. |
||
| 300 |
_a175 p. ; _bill. ; _c19 cm. |
||
| 541 | _j1 | ||
| 562 | _e1 | ||
| 650 | _a Adventures and adventurers--Fiction. | ||
| 942 |
_2lcc _cBK-KF _kKF |
||
| 999 |
_c8148 _d8148 |
||